| 000 | 00378nam a2200133Ia 4500 | ||
|---|---|---|---|
| 003 | GCL | ||
| 008 | 140319s9999 xx 000 0 ara d | ||
| 040 |
_aGCL / _cGCL |
||
| 082 | 0 | 4 |
_a629.2502 _bع ح |
| 245 | 1 | 0 | _aحماية منظومات توزيع القوى الكهربية |
| 260 |
_a[S.N] : _bدار الراتب الجامعية ، _c1987 |
||
| 300 | _a160 ص | ||
| 490 | _a | ||
| 999 |
_c54985 _d54985 |
||